00675nam a22001935i 4500001000700000003000900007005001700016008004100033080001200074100002900086245017800115260003400293300004200327650002200369700002200391700002200413700002300435852002300458168534ES-MaACL20250815110843.0080417s1961 sp |||| | spa d a553(02)1 aMac Kinstry, Hugh Exton.10aGeología de minas / cHugh Exton Mac Kinstry ; con secciones a cargo de Stanley A. Tyler..., E.N. Pennebaker..., Kenyon E. Richard... [Traducción por Miguel Casanueva]. aBarcelona : bOmega, c[1961] a671 p., III lám. : bil. ; c23 cm.07aGeología2embne1 aTyler, Stanley A.1 aPennebaker, E. N.1 aCasanueva, Miguel. aES-MaACLjC-21896